| 000 | 00806cam a2200265 a 4500 | ||
|---|---|---|---|
| 001 | 35080 | ||
| 003 | BD-RjUL | ||
| 005 | 20211209052245.0 | ||
| 008 | 140520s1989 ii b 000 0 eng | ||
| 020 | _a8185119465 | ||
| 035 | _a(BD-RjUL)35174 | ||
| 040 |
_aDLC _cDLC _dBD-RjUL _beng |
||
| 041 | _aeng | ||
| 082 |
_a338.9540091734 _bRUR 1989 |
||
| 245 | 0 | 0 |
_aRural industrialisation : _bchallenges and perspectives / _cedited by T.M. Dak. |
| 260 |
_aNew Delhi : _bNorthern Book Centre, _cc1989. |
||
| 300 |
_axv, 222 p. ; _c25 cm. |
||
| 500 | _aContributed articles; with reference to India. | ||
| 504 | _aIncludes bibliographies. | ||
| 650 | 0 |
_aRural industries _zIndia. _9106804 |
|
| 700 | 1 |
_aDak, T. M., _d1936- _9106805 |
|
| 942 |
_2ddc _cBK |
||
| 999 |
_c35080 _d35080 |
||